Fiesta y teatralidad de la pastorela mexicana /

Obra que presenta un estudio histórico sobre la pastorela en México, el cual se remonta a sus fuentes en el siglo XVI, su práctica en la cultura mexicana desde mediados del siglo XVIII y las formas como son representadas en la actualidad. Asimismo, dentro de este proceso los autores comentan tanto l...

Descripción completa

Guardado en:
Detalles Bibliográficos
Otros autores: Aracil, Beatriz (edición) (edición)
Formato: Libro
Idioma:Español
Publicado: México : UNAM, Facultad de Filosofía y Letras, 2004, c2004
Colección:(Paideia UNAM)
Temas:
Etiquetas: Agrega una etiqueta
Sin etiquetas, Sé el primero en etiquetar este registro!

MARC

LEADER 00000nam^a2200000^a^4500
001 000178846
005 20250521000000.0
009 20260310101803.03
020 |a 970-32-1856-3 
037 |a Acervo ITESO - Biblioteca 
041 |a ESP 
082 |a 860. 972  |b FIE 
245 0 0 |a Fiesta y teatralidad de la pastorela mexicana /  |c Ed. de B. Aracil... [et al.] ; pról. de Araceli Campos Moreno. 
264 4 |a México :  |b UNAM, Facultad de Filosofía y Letras,  |c 2004, c2004 
300 |a 166 p. 
336 |a texto  |b txt  |2 rdacontenido 
337 |a sin mediación  |b n  |2 rdamedio 
338 |a volumen  |b nc  |2 rdasoporte 
440 1 |a (Paideia UNAM) 
520 |a Obra que presenta un estudio histórico sobre la pastorela en México, el cual se remonta a sus fuentes en el siglo XVI, su práctica en la cultura mexicana desde mediados del siglo XVIII y las formas como son representadas en la actualidad. Asimismo, dentro de este proceso los autores comentan tanto las obras de algunos dramaturgos que han escrito sobre este género teatral, como la puestas en escena de tres dramas en diferentes espacios sociales. 
649 |a XX 
650 |a Pastorela -  |z México -  |x Historia y Crítica 
650 |a Teatro Religioso -  |z México -  |x Historia y Crítica 
650 |a Teatro Mexicano -  |x Historia y Crítica 
650 |a Literatura Religiosa -  |z México -  |x Historia y Crítica 
650 |a Literatura Popular -  |z México -  |x Historia y Crítica 
650 |a Literatura Mexicana -  |x Historia y Crítica 
650 |a Literatura Mexicana -  |y Siglo XX 
700 |a Aracil, Beatriz  |e (edición) 
910 |a Fondo General 
920 |a Impresos - Libros 
930 |a Colección General 
940 |a Literatura 
905 |a 101 
901 |a 0500117745  |b IT1  |c LIT  |u 20250521 
902 |a https://opac.biblio.iteso.mx/vufind/Record/000178846